Cliquez sur la bonne traduction en anglais - Le corps humain - Statistiques

Statistiques générales
  • Ce quiz a été pris 2 153 fois
  • Le résultat moyen est 22 sur 28
Statistiques - réponses
Hint Réponse % Correct
Nez
Nose
100%
Pied Foot
98%
Coeur Heart
98%
Visage Face
94%
Cheveux Hair
94%
Main Hand
92%
Doigt Finger
91%
Bouche Mouth
91%
Oreilles Ears
89%
Bras Arm
88%
Yeux Eyes
86%
Cou Neck
85%
Epaule Shoulder
85%
Dos Back
83%
Langue Tongue
81%
Jambe Leg
80%
Estomac Stomach
79%
Cheville Ankle
71%
Poitrine Chest
71%
Crâne Skull
71%
Nombril Bellybutton
70%
Joue Cheek
67%
Poumon Lung
64%
Fesses Bottom
62%
Ventre Belly
57%
Foie Liver
57%
Grain de beauté Mole
49%
Vessie Bladder
46%
Aucun quiz correspondant
Distribution des résultats
% des personnes avec chaque résultat
Percentile par nombre de réponses
Votre historique - résultats
Vous n’avez pas pris ce quiz